[Event "ISR-chT"]
[Site "Israel"]
[Date "2024.02.17"]
[Round "8.18"]
[White "Katkov, Michelle"]
[Black "Uritsky, Yonathan"]
[Result "0-1"]
[WhiteElo "2118"]
[BlackElo "2167"]
[PlyCount "122"]
[EventDate "2024.01.10"]
[EventType "team-tourn"]
[EventRounds "11"]
[EventCountry "ISR"]
[SourceTitle "CB09_2024"]
[SourceDate "2024.02.28"]
[SourceVersion "1"]
[SourceVersionDate "2024.02.28"]
[SourceQuality "1"]
[WhiteTeam "Rehovot"]
[BlackTeam "Ramat Gan Etiod"]
[WhiteTeamCountry "ISR"]
[BlackTeamCountry "ISR"]

1. e4 c6 2. d4 d5 3. exd5 cxd5 4. Bd3 Nc6 5. c3 Qc7 6. Na3 a6 7. Nc2 Nf6 8. h3 e5 9. dxe5 Nxe5 10. Nf3 Bd6 11. 0-0 0-0 12. Nxe5 Bxe5 13. Be3 Bd7 14. Qf3 Rfe8 15. Rad1 Ne4 16. Nb4 Bc6 17. Nxc6 Qxc6 18. Bc2 Rad8 19. Rfe1 b5 20. Bd4 Bc7 21. Qg4 g6 22. Qh4 h5 23. Bxe4 Rxe4 24. Rxe4 dxe4 25. Re1 Re8 26. Re3 Re6 27. Qg5 Kh7 28. Re1 Qd6 29. g3 f6 30. Qe3 h4 31. Bc5 Qe5 32. Bd4 Qd6 33. Kg2 g5 34. Rg1 Qd5 35. a3 hxg3 36. fxg3 Kg6 37. h4 gxh4 38. gxh4 Qh5 39. Kh3+ Kf7 40. Rf1 f5 41. Qg5 Qxg5 42. hxg5 Kg6 43. Be3 Rd6 44. Bd4 Rd7 45. Kg2 Rh7 46. Rh1 Rxh1 47. Kxh1 Kxg5 48. Kg2 a5 49. b3 Bd6 50. a4 bxa4 51. bxa4 Bc7 52. c4 f4 53. Kf2 Kf5 54. Ke2 Ke6 55. Kd2 Kd6 56. Ke2 Kc6 57. Kd2 Bb6 58. Be5 f3 59. Bf4 Bd4 60. Ke1 e3 61. Kf1 e2+ 0-1

[Event "Titled Tuesday intern op 13th Feb Early"]
[Site "Chess.com INT"]
[Date "2024.02.13"]
[Round "4"]
[White "Yagupov, Igor"]
[Black "Uritsky, Yonathan"]
[Result "0-1"]
[WhiteElo "2290"]
[BlackElo "2167"]
[PlyCount "78"]
[EventDate "2024.02.13"]
[EventType "swiss (blitz)"]
[EventRounds "11"]
[EventCountry "USA"]
[SourceTitle "CB08_2024"]
[SourceDate "2024.02.21"]
[SourceVersion "1"]
[SourceVersionDate "2024.02.21"]
[SourceQuality "1"]

1. d4 Nf6 2. c4 c5 3. d5 b5 4. cxb5 a6 5. bxa6 g6 6. Nc3 Bg7 7. e4 0-0 8. Nf3 Qa5 9. a7 Nxe4 10. axb8Q Rxb8 11. Bd2 Nxd2 12. Nxd2 Rxb2 13. Ne2 c4 14. Rc1 c3 15. Nc4 Qb4 16. Nd4 Rxa2 17. Qb3 Qc5 18. Qxa2 Bxd4 19. Bd3 Qxd5 20. f3 Bb7 21. Qe2 Rc8 22. h4 Ba6 23. Qe4 Bxc4 24. Qxd5 Bxd5 25. Ke2 Bf6 26. h5 Rb8 27. Rb1 Rb2+ 28. Rxb2 cxb2 29. hxg6 hxg6 30. Be4 Bxe4 31. fxe4 d6 32. g4 Be5 33. Kd3 Kg7 34. Ke3 Kf6 35. Kf3 Kg5 36. Rf1 Bf4 37. Rb1 Bc1 38. Kg3 e5 39. Kf3 Kh4 0-1

[Event "ISR-ch op"]
[Site "Acre"]
[Date "2024.01.26"]
[Round "6"]
[White "Uritsky, Yonathan"]
[Black "Sagalovich, Yakov"]
[Result "1-0"]
[WhiteElo "2097"]
[BlackElo "1636"]
[PlyCount "145"]
[EventDate "2024.01.21"]
[EventType "swiss"]
[EventRounds "9"]
[EventCountry "ISR"]
[SourceTitle "CB05_2024"]
[SourceDate "2024.01.31"]
[SourceVersion "1"]
[SourceVersionDate "2024.01.31"]
[SourceQuality "1"]

1. e4 c5 2. Nf3 e6 3. d4 cxd4 4. Nxd4 Nf6 5. Nc3 Nc6 6. Ndb5 d6 7. Bf4 e5 8. Bg5 a6 9. Na3 b5 10. Bxf6 gxf6 11. Nd5 Bg7 12. g3 0-0 13. Bg2 Be6 14. 0-0 Ne7 15. Nxe7+ Qxe7 16. c3 Rac8 17. Nc2 f5 18. exf5 Bxf5 19. Nb4 a5 20. Nd5 Qd8 21. a4 Bd7 22. axb5 Bxb5 23. Re1 Bc4 24. Ne3 Be6 25. Bd5 Rc5 26. Qd3 Bh6 27. b4 axb4 28. cxb4 Bxe3 29. bxc5 Bxc5 30. Be4 Kg7 31. Rab1 Qf6 32. Qd2 d5 33. Rb5 Rc8 34. Bg2 Bd4 35. Rd1 Bf5 36. Rxd5 Rc2 37. Rxd4 exd4 38. Qf4 d3 39. Bf1 Rc3 40. Qe3 Qd6 41. h4 h5 42. Bg2 Bg6 43. Qg5 Kh7 44. Qe3 Qc5 45. Qxc5 Rxc5 46. Bf1 Kg7 47. Bxd3 Rd5 48. Be2 Rxd1+ 49. Bxd1 Kf6 50. f3 Bf5 51. Kf2 Kg7 52. Ba4 Bg6 53. Ke3 Kf6 54. Kf4 Bd3 55. Bc6 Bc2 56. Be4 Bd1 57. Bd3 Bb3 58. Be2 Bc2 59. Ke3 Ba4 60. f4 Kg6 61. Kd4 Bd7 62. Ke5 f6+ 63. Kd6 Bf5 64. Ke7 Be4 65. Bb5 Bf3 66. Kf8 Kf5 67. Kg7 Kg4 68. Kxf6 Kxg3 69. Kg5 Bd5 70. Be2 Kf2 71. Bxh5 Ke3 72. f5 Ke4 73. f6 1-0

[Event "ISR-ch op"]
[Site "Acre"]
[Date "2024.01.23"]
[Round "3"]
[White "Bronstein, Or"]
[Black "Uritsky, Yonathan"]
[Result "1-0"]
[WhiteElo "2441"]
[BlackElo "2097"]
[PlyCount "96"]
[EventDate "2024.01.21"]
[EventType "swiss"]
[EventRounds "9"]
[EventCountry "ISR"]
[SourceTitle "CB05_2024"]
[SourceDate "2024.01.31"]
[SourceVersion "1"]
[SourceVersionDate "2024.01.31"]
[SourceQuality "1"]

1. Nf3 Nf6 2. c4 c5 3. Nc3 g6 4. e4 Bg7 5. d4 cxd4 6. Nxd4 0-0 7. Be2 Nc6 8. Be3 b6 9. 0-0 Bb7 10. Nxc6 dxc6 11. e5 Ne8 12. f4 f6 13. Qb3 Kh8 14. c5 fxe5 15. fxe5 Rxf1+ 16. Rxf1 b5 17. Rd1 Qc7 18. Ne4 Bc8 19. Ng5 e6 20. Rd8 Qe7 21. Bf3 Bb7 22. Qd3 Rxd8 23. Qxd8 Bf8 24. Qxe7 Bxe7 25. Nf7+ Kg7 26. Nd6 Nxd6 27. cxd6 Bd8 28. Bxa7 Kf7 29. Kf2 Ba5 30. Ke3 Ke8 31. Bc5 Be1 32. g3 Kd7 33. a3 Ba5 34. Kf4 Bd2+ 35. Ke4 Bc1 36. b3 Bb2 37. h4 h6 38. Be2 Bc3 39. Kf4 Bd2+ 40. Kf3 Bc3 41. Kf4 Bd2+ 42. Kg4 Bc3 43. Bd3 g5 44. hxg5 hxg5 45. Kxg5 Bxe5 46. g4 Bxd6 47. Bxd6 Kxd6 48. Kf6 Kd5 1-0

[Event "ISR-ch op"]
[Site "Acre"]
[Date "2024.01.22"]
[Round "2"]
[White "Uritsky, Yonathan"]
[Black "Mikhalevski, Victor"]
[Result "1/2-1/2"]
[WhiteElo "2097"]
[BlackElo "2524"]
[PlyCount "83"]
[EventDate "2024.01.21"]
[EventType "swiss"]
[EventRounds "9"]
[EventCountry "ISR"]
[SourceTitle "CB05_2024"]
[SourceDate "2024.01.31"]
[SourceVersion "1"]
[SourceVersionDate "2024.01.31"]
[SourceQuality "1"]

1. e4 e5 2. Nf3 Nc6 3. Bb5 g6 4. d4 exd4 5. Bg5 Be7 6. Bxe7 Qxe7 7. 0-0 Nf6 8. e5 Nh5 9. c3 d3 10. Bxd3 0-0 11. Re1 d6 12. exd6 Qxd6 13. Bc2 Qxd1 14. Rxd1 Bg4 15. Nbd2 Rad8 16. h3 Be6 17. Ne4 Nf4 18. Nc5 Rxd1+ 19. Rxd1 Bxa2 20. Be4 Re8 21. g3 Nxh3+ 22. Kg2 Na5 23. Bb1 Nxf2 24. Kxf2 Bxb1 25. Rxb1 b6 26. Nd7 Kg7 27. Re1 Rd8 28. Nde5 c5 29. b4 cxb4 30. cxb4 Nb3 31. Nc6 Rd7 32. b5 Nc5 33. Ra1 Ne4+ 34. Kg2 Nc3 35. Rxa7 Rxa7 36. Nxa7 Kf6 37. g4 h5 38. g5+ Kf5 39. Kg3 f6 40. gxf6 Ne4+ 41. Kg2 Kxf6 42. Nc8 1/2-1/2

[Event "ISR-chT"]
[Site "Israel"]
[Date "2024.01.10"]
[Round "1.18"]
[White "Shohat, Yotam"]
[Black "Uritsky, Yonathan"]
[Result "1/2-1/2"]
[WhiteElo "2369"]
[BlackElo "2167"]
[PlyCount "82"]
[EventDate "2024.01.10"]
[EventType "team-tourn"]
[EventRounds "11"]
[EventCountry "ISR"]
[SourceTitle "CB09_2024"]
[SourceDate "2024.02.28"]
[SourceVersion "1"]
[SourceVersionDate "2024.02.28"]
[SourceQuality "1"]
[WhiteTeam "Ramat Gan Etude"]
[BlackTeam "Ramat Gan Etiod"]
[WhiteTeamCountry "ISR"]
[BlackTeamCountry "ISR"]

1. Nf3 Nf6 2. c4 g6 3. g3 Bg7 4. Bg2 0-0 5. 0-0 c5 6. Nc3 Nc6 7. d4 d6 8. dxc5 dxc5 9. Bf4 Be6 10. Ne5 Nxe5 11. Bxe5 Nh5 12. Bxg7 Nxg7 13. Qb3 Qc7 14. Nd5 Bxd5 15. cxd5 Nf5 16. Qc3 Rac8 17. Rad1 b5 18. Rfe1 b4 19. Qc1 Qb6 20. Bh3 e6 21. dxe6 fxe6 22. Qc4 Rcd8 23. e3 Kg7 24. Rxd8 Rxd8 25. Rc1 Rd2 26. Qf4 Kg8 27. Qe5 Rd5 28. Qf6 Ng7 29. a3 Qd6 30. axb4 Rd1+ 31. Rxd1 Qxd1+ 32. Bf1 cxb4 33. Qe7 a5 34. Qc5 Qa1 35. b3 Qb1 36. Qc8+ Kf7 37. Qc7+ Kf6 38. Qd8+ Kf7 39. Qd7+ Kf6 40. Qd8+ Kf7 41. Qc7+ Kf6 1/2-1/2

[Event "Titled Tuesday intern op 19th Dec Early"]
[Site "Chess.com INT"]
[Date "2023.12.19"]
[Round "6"]
[White "Uritsky, Yonathan"]
[Black "Novoselov, Roman"]
[Result "1-0"]
[WhiteElo "2103"]
[BlackElo "2279"]
[PlyCount "67"]
[EventDate "2023.12.19"]
[EventType "swiss (blitz)"]
[EventRounds "11"]
[EventCountry "USA"]
[SourceTitle "CB52_2023"]
[SourceDate "2023.12.27"]
[SourceVersion "1"]
[SourceVersionDate "2023.12.27"]
[SourceQuality "1"]

1. Nf3 d5 2. g3 Nf6 3. Bg2 c6 4. 0-0 Bf5 5. b3 Nbd7 6. Bb2 h6 7. c4 e6 8. d3 Be7 9. Nc3 0-0 10. Qc2 Rc8 11. e4 dxe4 12. dxe4 Bh7 13. Rad1 Qc7 14. Rfe1 Rfd8 15. Qe2 Bc5 16. h3 Qxg3 17. Na4 Qf4 18. Bxf6 Qxf6 19. Rxd7 Bxf2+ 20. Qxf2 Rxd7 21. Nc5 Rdc7 22. Nd3 b6 23. Qg3 Rd7 24. Nde5 Rdd8 25. Rf1 Qe7 26. Ng4 Kh8 27. Nfe5 f6 28. Qh4 Qc5+ 29. Kh2 fxe5 30. Nxh6 gxh6 31. Qf6+ Kg8 32. Qxe6+ Kh8 33. Qf6+ Kg8 34. Rf3 1-0

[Event "Titled Tuesday intern op 14th Nov Early"]
[Site "Chess.com INT"]
[Date "2023.11.14"]
[Round "7"]
[White "Kiseleva, Simona"]
[Black "Uritsky, Yonathan"]
[Result "0-1"]
[WhiteElo "2174"]
[BlackElo "2093"]
[PlyCount "60"]
[EventDate "2023.11.14"]
[EventType "swiss (blitz)"]
[EventRounds "11"]
[EventCountry "USA"]
[SourceTitle "CB47_2023"]
[SourceDate "2023.11.22"]
[SourceVersion "1"]
[SourceVersionDate "2023.11.22"]
[SourceQuality "1"]

1. d4 Nf6 2. c4 c5 3. d5 b5 4. cxb5 a6 5. bxa6 g6 6. Nc3 Bg7 7. g3 0-0 8. Bg2 d6 9. Nf3 Nbd7 10. Rb1 Nb6 11. 0-0 Bxa6 12. b3 Bb7 13. Nh4 Nfd7 14. Bb2 Bxc3 15. Bxc3 Rxa2 16. Re1 Qa8 17. e4 Rb8 18. Bh3 Ba6 19. Ra1 Bb5 20. Qf3 Ne5 21. Bxe5 dxe5 22. Rac1 Qa3 23. Qc3 c4 24. Bf1 Qc5 25. Rc2 Ra3 26. Qf3 Qb4 27. Rb1 Rxb3 28. Rxb3 cxb3 29. Rc7 Bxf1 30. d6 Qxd6 0-1

[Event "Titled Tuesday intern op 14th Nov Early"]
[Site "Chess.com INT"]
[Date "2023.11.14"]
[Round "9"]
[White "Uritsky, Yonathan"]
[Black "Iskusnyh, Sergei"]
[Result "0-1"]
[WhiteElo "2093"]
[BlackElo "2440"]
[PlyCount "68"]
[EventDate "2023.11.14"]
[EventType "swiss (blitz)"]
[EventRounds "11"]
[EventCountry "USA"]
[SourceTitle "CB47_2023"]
[SourceDate "2023.11.22"]
[SourceVersion "1"]
[SourceVersionDate "2023.11.22"]
[SourceQuality "1"]

1. Nf3 d5 2. g3 Nf6 3. Bg2 c6 4. c4 Bf5 5. b3 e6 6. Bb2 Be7 7. 0-0 h6 8. d3 0-0 9. Nc3 Nbd7 10. Qc2 Bh7 11. e4 dxe4 12. dxe4 Nc5 13. Rad1 Qc7 14. Nd4 a5 15. a3 Rfd8 16. Rfe1 Qb6 17. f4 Rxd4 18. Rxd4 Nxb3 19. Ne2 Bc5 20. Red1 Rd8 21. Qc3 Bxe4 22. Qe3 Nxd4 23. Bxd4 Bxd4 24. Rxd4 Rxd4 25. Qxd4 Qxd4+ 26. Nxd4 Bxg2 27. Kxg2 Ne4 28. Nb3 a4 29. Na5 Nc5 30. Kf3 f6 31. Ke3 e5 32. fxe5 fxe5 33. Kf3 Kf7 34. Ke3 Ke6 0-1

[Event "World ol U16"]
[Site "Eindhoven"]
[Date "2023.08.16"]
[Round "6.5"]
[White "Uritsky, Yonathan"]
[Black "Vingris, Mikelis"]
[Result "1/2-1/2"]
[WhiteElo "2175"]
[BlackElo "2116"]
[PlyCount "78"]
[EventDate "2023.08.13"]
[EventType "team-swiss"]
[EventRounds "9"]
[EventCountry "NED"]
[SourceTitle "CBM 215 Extra"]
[Source "ChessBase"]
[SourceDate "2023.09.30"]
[SourceVersion "1"]
[SourceVersionDate "2023.09.30"]
[SourceQuality "1"]
[WhiteTeam "Israel"]
[BlackTeam "Latvia"]
[WhiteTeamCountry "ISR"]
[BlackTeamCountry "LAT"]

1. e4 c5 2. Nf3 d6 3. Bb5+ Bd7 4. Bxd7+ Qxd7 5. c4 e5 6. Nc3 Nc6 7. Rb1 Be7 8. a3 f5 9. d3 Nf6 10. b4 b6 11. Bg5 0-0 12. Bxf6 Bxf6 13. Nd5 Ne7 14. Nxe7+ Bxe7 15. h3 Qe6 16. Nd2 Bg5 17. exf5 Bxd2+ 18. Qxd2 Rxf5 19. 0-0 Qf7 20. Rbe1 Rf8 21. Re4 h6 22. f3 Qg6 23. Kh2 Rf4 24. Rfe1 R8f6 25. Rxf4 Rxf4 26. Re4 Qg5 27. b5 Kf7 28. a4 Kf6 29. Kg1 Qg3 30. Qf2 Qg5 31. h4 Qf5 32. Qd2 g5 33. hxg5+ Qxg5 34. Qe3 h5 35. Rxf4+ Qxf4 36. Qe4 Qc1+ 37. Kh2 Qf4+ 38. Kh3 Kg5 39. g3 Qc1 1/2-1/2

[Event "World ol U16"]
[Site "Eindhoven"]
[Date "2023.08.14"]
[Round "2.8"]
[White "Uritsky, Yonathan"]
[Black "Vincenti, Leonardo"]
[Result "1-0"]
[WhiteElo "2175"]
[BlackElo "2140"]
[PlyCount "127"]
[EventDate "2023.08.13"]
[EventType "team-swiss"]
[EventRounds "9"]
[EventCountry "NED"]
[SourceTitle "CBM 215 Extra"]
[Source "ChessBase"]
[SourceDate "2023.09.30"]
[SourceVersion "1"]
[SourceVersionDate "2023.09.30"]
[SourceQuality "1"]
[WhiteTeam "Israel"]
[BlackTeam "Italy"]
[WhiteTeamCountry "ISR"]
[BlackTeamCountry "ITA"]

1. Nf3 d5 2. g3 c6 3. Bg2 Bg4 4. 0-0 Nf6 5. b3 Nbd7 6. Bb2 Qc7 7. c4 e6 8. Nc3 Be7 9. d4 0-0 10. Rc1 Rad8 11. h3 Bh5 12. Nd2 Qa5 13. f4 Bg6 14. a3 c5 15. cxd5 cxd4 16. b4 Bxb4 17. Nb3 Qa6 18. axb4 dxc3 19. Bxc3 Be4 20. Ra1 Qc4 21. Qd4 Qxb3 22. Bxe4 e5 23. Bxh7+ Kxh7 24. fxe5 Nxd5 25. e6 N7f6 26. Qh4+ Kg8 27. Bxf6 Qe3+ 28. Kh1 Nxf6 29. Rxf6 Rd4 30. Rf4 Rxf4 31. Qxf4 Qxe6 32. Qg4 Qd5+ 33. Qf3 Qd4 34. Ra2 Rc8 35. Kg2 Rc1 36. h4 a6 37. b5 Qc4 38. Rd2 Qxb5 39. Rd8+ Kh7 40. Rd5 Qc6 41. Qe4+ g6 42. h5 Rd1 43. hxg6+ fxg6 44. Qe7+ Kg8 45. Qd8+ Kf7 46. e4 Qc2+ 47. Kf3 Rf1+ 48. Ke3 Re1+ 49. Kf4 Qxe4+ 50. Kg5 Qe3+ 51. Kg4 Qe4+ 52. Kg5 Qe7+ 53. Qxe7+ Rxe7 54. g4 b5 55. Rd6 a5 56. Rf6+ Ke8 57. Kxg6 a4 58. Ra6 Rb7 59. g5 Ke7 60. Kh7 Kf8+ 61. Kh8 a3 62. g6 Rb8 63. Ra7 Ke8 64. g7 1-0

[Event "Ramat Gan Spring op"]
[Site "Ramat Gan"]
[Date "2023.05.01"]
[Round "1"]
[White "Berlad, Asaf"]
[Black "Uritsky, Yonathan"]
[Result "0-1"]
[WhiteElo "1753"]
[BlackElo "2118"]
[PlyCount "132"]
[EventDate "2023.05.01"]
[EventType "swiss"]
[EventRounds "7"]
[EventCountry "ISR"]
[SourceTitle "CBM 215 Extra"]
[Source "ChessBase"]
[SourceDate "2023.09.30"]
[SourceVersion "1"]
[SourceVersionDate "2023.09.30"]
[SourceQuality "1"]

1. e4 c6 2. d4 d5 3. exd5 cxd5 4. Bd3 Nc6 5. c3 Qc7 6. h3 e6 7. Nf3 Bd6 8. 0-0 Nf6 9. Na3 a6 10. Re1 h6 11. Be3 b5 12. Nc2 Bd7 13. Nd2 0-0 14. a4 bxa4 15. Rxa4 Ne7 16. Ra2 Nf5 17. Qa1 a5 18. b4 a4 19. Nf3 Rfc8 20. Bd2 Qb7 21. Ne5 Bb5 22. Bxb5 Qxb5 23. Na3 Qb7 24. Nd3 Qb8 25. Qb2 Ne4 26. Nb1 g5 27. Be3 h5 28. Qc2 g4 29. hxg4 hxg4 30. Nc5 Bh2+ 31. Kf1 Qb5+ 32. c4 Qxb4 33. Rb2 Qa5 34. Nxe4 dxe4 35. Qxe4 g3 36. Rb7 Qa6 37. Na3 Rxc4 38. Nxc4 Qxc4+ 39. Re2 a3 40. Qg4+ Kf8 41. Qh5 Nxe3+ 42. fxe3 Qc1+ 43. Re1 Qc4+ 44. Qe2 Qc6 45. Qb5 Qxb5+ 46. Rxb5 a2 47. Ra1 Ra3 48. Ke2 Bg1 49. Re5 Bf2 50. Re4 Kg7 51. Kd2 Kg6 52. Kc2 Kg5 53. Kb2 Rxe3 54. Rxe3 Bxe3 55. Rd1 f5 56. Kxa2 f4 57. Rd3 Kf5 58. Kb3 Ke4 59. Rd1 Bxd4 60. Kc4 e5 61. Re1+ Be3 62. Rf1 Bf2 63. Rh1 f3 64. gxf3+ Kxf3 65. Kd5 g2 66. Ra1 e4 0-1

[Event "ISR-ch 41st"]
[Site "Arad"]
[Date "2022.12.10"]
[Round "6"]
[White "Uritsky, Yonathan"]
[Black "Poleg, Matan"]
[Result "1/2-1/2"]
[WhiteElo "2010"]
[BlackElo "2291"]
[PlyCount "154"]
[EventDate "2022.12.05"]
[EventType "swiss"]
[EventRounds "9"]
[EventCountry "ISR"]
[SourceTitle "CBM 211 Extra"]
[Source "ChessBase"]
[SourceDate "2023.01.31"]
[SourceVersion "1"]
[SourceVersionDate "2023.01.31"]
[SourceQuality "1"]

1. e4 c5 2. Nf3 e6 3. d4 cxd4 4. Nxd4 Nc6 5. Nc3 Qc7 6. g3 a6 7. Bg2 Nf6 8. 0-0 d6 9. Re1 Nxd4 10. Qxd4 Bd7 11. Bg5 Ng4 12. h3 Ne5 13. f4 h6 14. Bh4 g5 15. fxg5 hxg5 16. Bxg5 Rxh3 17. Bh4 Be7 18. Re3 Rxh4 19. gxh4 d5 20. exd5 Bc5 21. Qf4 0-0-0 22. d6 Qb6 23. Qxe5 Bxe3+ 24. Kh1 Bd4 25. Qg5 Rh8 26. Rf1 f6 27. Rxf6 Bxf6 28. Qxf6 Qd8 29. Qxd8+ Rxd8 30. Kh2 Rh8 31. Kg3 Rg8+ 32. Kf2 Rg4 33. h5 Rg5 34. Bf3 Bc6 35. Be2 Kd7 36. Ke3 Rg2 37. Kf4 Kxd6 38. h6 Rg6 39. h7 e5+ 40. Ke3 Rh6 41. Bd3 Rh3+ 42. Kf2 Ke7 43. Bf5 Rh5 44. Ke3 Kf6 45. Ne4+ Bxe4 46. Bxe4 Rh3+ 47. Kf2 b6 48. Kg2 Rh6 49. a3 Kg7 50. Kg3 Rf6 51. Bd3 Rf4 52. Bg6 a5 53. Bd3 Rd4 54. Kf3 Rh4 55. Be4 Rf4+ 56. Ke3 Rf8 57. a4 Rd8 58. b3 Rd6 59. Bd3 Rh6 60. Ke4 Rxh7 61. Kxe5 Rh5+ 62. Kd4 Kf6 63. Kc3 Rh4 64. Kb2 Ke5 65. Bb5 Kd4 66. Ba6 Rh3 67. Bb5 Rc3 68. Ba6 Rc5 69. Bb5 Ke3 70. Ba6 Kd2 71. Bd3 Rd5 72. Bc4 Rd4 73. Bb5 Rd8 74. Bd3 Rc8 75. Bc4 Rc7 76. Bd3 Rc5 77. Bc4 Rc7 1/2-1/2

[Event "ISR-ch 41st"]
[Site "Arad"]
[Date "2022.12.09"]
[Round "5"]
[White "Tzidkiya, Yeshaayahu"]
[Black "Uritsky, Yonathan"]
[Result "1-0"]
[WhiteElo "2444"]
[BlackElo "2010"]
[PlyCount "85"]
[EventDate "2022.12.05"]
[EventType "swiss"]
[EventRounds "9"]
[EventCountry "ISR"]
[SourceTitle "CBM 211 Extra"]
[Source "ChessBase"]
[SourceDate "2023.01.31"]
[SourceVersion "1"]
[SourceVersionDate "2023.01.31"]
[SourceQuality "1"]

1. d4 Nf6 2. Nc3 c5 3. Bg5 cxd4 4. Qxd4 Nc6 5. Qh4 e6 6. e4 Be7 7. 0-0-0 h6 8. f4 0-0 9. Nf3 Ne8 10. Bxe7 Qxe7 11. Qxe7 Nxe7 12. e5 Nc7 13. Bd3 f5 14. exf6 gxf6 15. Rhe1 d5 16. Nd4 Bd7 17. Ncb5 Bxb5 18. Nxb5 Rfc8 19. Nxc7 Rxc7 20. Rxe6 Kf7 21. Rde1 Rg8 22. g3 Nc6 23. Rd6 Rd8 24. Rxd8 Nxd8 25. Be2 Nc6 26. Bh5+ Kg7 27. Rd1 d4 28. a3 Rd7 29. Bf3 Na5 30. Be4 b6 31. b3 h5 32. Kb2 Kh6 33. h3 b5 34. g4 Rd6 35. Bf3 h4 36. Be4 Rd8 37. Rg1 Rg8 38. g5+ fxg5 39. Rg4 Kh5 40. Bf3 Rf8 41. Rxg5+ Kh6 42. Rxb5 Rxf4 43. Bd5 1-0

[Event "ISR-ch 41st"]
[Site "Arad"]
[Date "2022.12.07"]
[Round "3"]
[White "Ben Menachem, Itzhak"]
[Black "Uritsky, Yonathan"]
[Result "1/2-1/2"]
[WhiteElo "2291"]
[BlackElo "2010"]
[PlyCount "45"]
[EventDate "2022.12.05"]
[EventType "swiss"]
[EventRounds "9"]
[EventCountry "ISR"]
[SourceTitle "CBM 211 Extra"]
[Source "ChessBase"]
[SourceDate "2023.01.31"]
[SourceVersion "1"]
[SourceVersionDate "2023.01.31"]
[SourceQuality "1"]

1. d4 Nf6 2. c4 e6 3. g3 c5 4. Nf3 cxd4 5. Nxd4 Nc6 6. Bg2 d5 7. 0-0 Bc5 8. Nb3 Bb6 9. cxd5 exd5 10. Nc3 Be6 11. Bg5 0-0 12. Bxd5 Bxd5 13. Bxf6 Bxb3 14. Bxd8 Bxd1 15. Bxb6 Bxe2 16. Nxe2 axb6 17. Rfd1 Rfd8 18. Nc3 g6 19. Kg2 Kg7 20. h4 h5 21. Kf3 Nd4+ 22. Kg2 Nc6 23. Kf3 1/2-1/2

[Event "ISR-ch 41st"]
[Site "Arad"]
[Date "2022.12.06"]
[Round "2"]
[White "Uritsky, Yonathan"]
[Black "Streltsov, Alexey"]
[Result "0-1"]
[WhiteElo "2010"]
[BlackElo "2313"]
[PlyCount "78"]
[EventDate "2022.12.05"]
[EventType "swiss"]
[EventRounds "9"]
[EventCountry "ISR"]
[SourceTitle "CBM 211 Extra"]
[Source "ChessBase"]
[SourceDate "2023.01.31"]
[SourceVersion "1"]
[SourceVersionDate "2023.01.31"]
[SourceQuality "1"]

1. e4 e5 2. Nf3 Nc6 3. Bc4 Nf6 4. d4 exd4 5. e5 d5 6. Bb5 Ne4 7. Nxd4 Bd7 8. Bxc6 bxc6 9. 0-0 Be7 10. f3 Ng5 11. Be3 c5 12. Nb3 Bb5 13. Re1 d4 14. Bxg5 Bxg5 15. Na3 Rb8 16. Nxb5 Rxb5 17. Qd3 Rb6 18. Nxc5 Be3+ 19. Kh1 Rh6 20. g3 0-0 21. Ne4 Qc8 22. c3 c5 23. cxd4 cxd4 24. Rad1 Qe6 25. Nd6 Qh3 26. Qe2 Qxg3 27. Qg2 Qxe5 28. Nc4 Qf4 29. Nxe3 dxe3 30. Rd3 Re6 31. Qg3 Qb4 32. Re2 Rfe8 33. Qg4 Qb5 34. Qd4 h6 35. Qd5 Qb6 36. Qd4 Qc6 37. Qd5 Qa6 38. b4 Re5 39. Qd4 Qc6 0-1

[Event "Ramat Gan Rosh Hashanah Rapid"]
[Site "Ramat Gan"]
[Date "2022.09.25"]
[Round "6"]
[White "Uritsky, Yonathan"]
[Black "Zak, Uriel"]
[Result "1-0"]
[WhiteElo "2236"]
[BlackElo "2262"]
[PlyCount "99"]
[EventDate "2022.09.25"]
[EventType "swiss (rapid)"]
[EventRounds "6"]
[EventCountry "ISR"]
[SourceTitle "EXT 2023"]
[Source "ChessBase"]
[SourceDate "2022.10.05"]
[SourceVersion "1"]
[SourceVersionDate "2022.10.05"]
[SourceQuality "1"]

1. e4 e5 2. Nc3 Nf6 3. Bc4 Nc6 4. d3 Bb4 5. Nge2 d5 6. exd5 Nxd5 7. 0-0 Be6 8. a3 Bxc3 9. bxc3 0-0 10. Rb1 b6 11. Bd2 Nce7 12. Bb3 c5 13. d4 exd4 14. cxd4 Ng6 15. c4 Nf6 16. d5 Bf5 17. Rc1 Ne4 18. Be3 Re8 19. Bc2 Nd6 20. Bxf5 Nxf5 21. Qd3 Nxe3 22. fxe3 Qe7 23. Rc3 Ne5 24. Qf5 g6 25. Qf4 Nd7 26. e4 f6 27. Ng3 Qe5 28. Rc2 a6 29. Qg4 Qd4+ 30. Kh1 Ne5 31. Qh4 Rf8 32. Rcf2 Nxc4 33. Rxf6 Rxf6 34. Rxf6 Rf8 35. Rxf8+ Kxf8 36. h3 Qe5 37. a4 Kg7 38. Ne2 Qa1+ 39. Kh2 Qe5+ 40. Kh1 Qa1+ 41. Ng1 Qf6 42. Qg4 Ne5 43. Qc8 a5 44. Qc7+ Kh6 45. d6 c4 46. d7 Nf7 47. Qxc4 Nd8 48. Qc7 Qe7 49. Nf3 Nf7 50. d8Q 1-0

[Event "ISR-chT U14"]
[Site "Afula"]
[Date "2022.08.23"]
[Round "6"]
[White "Dezent, Eyal"]
[Black "Uritsky, Yonathan"]
[Result "0-1"]
[WhiteElo "1869"]
[BlackElo "2130"]
[PlyCount "64"]
[EventDate "2022.08.21"]
[EventType "team-tourn"]
[EventRounds "9"]
[EventCountry "ISR"]
[SourceTitle "CBM 210 Extra"]
[Source "ChessBase"]
[SourceDate "2022.11.30"]
[SourceVersion "1"]
[SourceVersionDate "2022.11.30"]
[SourceQuality "1"]

1. e4 c5 2. Nf3 Nc6 3. d4 cxd4 4. Nxd4 g6 5. c4 Bg7 6. Be3 Nf6 7. Nc3 0-0 8. Be2 b6 9. Rc1 Bb7 10. f3 e6 11. Ndb5 d5 12. c5 Ne7 13. Nd6 Bc6 14. b4 bxc5 15. bxc5 Nd7 16. 0-0 a6 17. Qd2 Qc7 18. f4 dxe4 19. Ncxe4 Rab8 20. Bxa6 Rb2 21. Rc2 Rfb8 22. Rfc1 Qa7 23. Bc4 Nd5 24. Bb3 Rxc2 25. Rxc2 h6 26. g3 Qa3 27. Bd4 Bxd4+ 28. Qxd4 Rb4 29. Qd3 Qa5 30. Nc4 Rxc4 31. Rxc4 Qe1+ 32. Qf1 Qxf1+ 0-1